Score 0/19 Timer 03:00
3 Plays Today
Clue 5-Letter Word % Correct
Simpsons matriarchMARGE
85.1%
Flows from Paris to Le Havre•SEINE•
84.6%
Mickey or ItchyMOUSE
81%
This code (-- --- ∙-∙ ∙∙∙ ∙)MORSE
80.1%
Strasbourg is on this major French-German border river•RHINE•
80%
From Switzerland to Arles, its delta forms the Camargue region•RHÔNE•
79.4%
What you must often do, when entering a freewayMERGE
76.6%
Gave off a bright lightSHONE
75.6%
Geoffrey Rush won the Best Actor Oscar for this movieSHINE
75.4%
Mythology of Loki and YggdrasilNORSE
73%
Clue 5-Letter Word % Correct
CacophonyNOISE
68.1%
Longest river in France•LOIRE•
56.5%
1940's detective video game 'L.A. ____'NOIRE
52.1%
Site of 2 WWI battles, including 'The Miracle'•MARNE•
50.9%
Angers is on this river, which shares its name with a US State•MAINE•
46.4%
From the Langres plateau, it flows through Sedan to Belgium•MEUSE•
45.9%
Italian river, or a fertile Scottish lowlandMERSE
40.2%
Rises in the Vosges and flows into the river 2 rungs up at Lyon•SAÔNE•
37%
Brandon was a running back with the Packers, out of Ohio StateSAINE
29.4%

Today's Daily Dose

Remove Ads.
Support Sporcle.
Get the best of Sporcle when you Go Orange. This ad-free experience offers more features, more stats, and more fun while also helping to support Sporcle. Thank you for becoming a member.

You're not logged in!

Compare scores with friends on all Sporcle quizzes.
OR
Log In

Show Comments

Extras

Top Quizzes Today


Score Distribution

Your Account Isn't Verified!

In order to create a playlist on Sporcle, you need to verify the email address you used during registration. Go to your Sporcle Settings to finish the process.

Report this User

Report this user for behavior that violates our Community Guidelines.

Details: